जहाँ खिले हैं रक्तपलाश / (Record no. 214632)

MARC details
000 -LEADER
fixed length control field 00778nam a22001937a 4500
005 - DATE AND TIME OF LATEST TRANSACTION
control field 20260129145738.0
010 ## - LCCN (DPL NO)
LC control number HIN-130911
020 ## - INTERNATIONAL STANDARD BOOK NUMBER
International Standard Book Number 9789392176326
Terms of availability 450.00
035 ## - SYSTEM CONTROL NUMBER
System control number HN-103257
037 ## - SOURCE OF ACQUISITION
Source of stock number/acquisition DBAD
082 ## - DEWEY DECIMAL CLASSIFICATION NUMBER
Classification number
100 ## - MAIN ENTRY--PERSONAL NAME
Personal name राकेश कुमार सिंह
245 ## - TITLE STATEMENT
Title जहाँ खिले हैं रक्तपलाश /
Statement of responsibility, etc राकेश कुमार सिंह
250 ## - EDITION STATEMENT
Edition statement प्रथम
260 ## - PUBLICATION, DISTRIBUTION, ETC. (IMPRINT)
Place of publication, distribution, etc नई दिल्ली
Name of publisher, distributor, etc नेशनल पेपरबैक्स
Date of publication, distribution, etc 2024
270 ## - ADDRESS
Address 4230/1, अंसारी रोड , दरियागंज,
City नई दिल्ली
Postal code 110002
300 ## - PHYSICAL DESCRIPTION
Extent 265पृ.
Dimensions 22सेमी (सजिल्द)
942 ## - ADDED ENTRY ELEMENTS (KOHA)
Institution code [OBSOLETE] dpl
Item type Hindi Books
Source of classification or shelving scheme Dewey Decimal Classification
Classification part
Call number suffix राकेश
Holdings
Withdrawn status Lost status Not for loan Collection code Home library Current library Date acquired Source of acquisition Cost, normal purchase price Full call number Barcode Copy number Cost, replacement price Koha item type
      Fiction RC3 Aruna Nagar RC3 Aruna Nagar 29/01/2026 DBAD 450.00 उ राकेश HN-103257 1 450.00 Hindi Books

© Delhi Public Library
Hit Counter
free hit counter